000 00917nam0a22002531 4500
001 rc\3556211
005 20250610072038.0
021 _aRU
_b[76-100268]
035 _a(NLR Aleph) 007795324
090 _a7665622
_c7665622
100 _a20130115d1976 |||y0rusy50 ca
101 0 _arus
102 _aRU
105 _ay z |||a|
200 1 _aКаменец-Подольский вариант в действии
_eРассказ об опыте Каменец-Подольск. кабельного з-да в борьбе за качество продукции
210 _aМосква
_cПравда
_d1976
215 _a32 с.
_d20
225 1 _aПередовой опыт борьбы за эффективность и качество
606 _aКабели
_xКачество
_2psbo
801 0 _aRU
_bNLR
_gpsbo
801 1 _aRU
_bELAR
_2rusmarc
852 _aNLR
_j77-4/7950
942 _cBOOK
980 _aNB